000
00311nam a22001217a 4500
008
180208b xxu||||| |||| 00| 0 eng d
041
_a
eng
080
_a
159.9
100
_a
49
101
_a
PSI
245
_a
SIX STEPS IN THE TREATMENT OF BORDLINE PERSONALITY ORGABIZTION
_c
VAMIK.D.V
942
_2
udc
_c
BK
999
_c
42183
_d
42183